| 000 | 00787cam a2200253 i 4500 | ||
|---|---|---|---|
| 001 | 200442934 | ||
| 003 | TR-AnTOB | ||
| 005 | 20241209111023.0 | ||
| 007 | ta | ||
| 008 | 210813b ||||| |||| 00| 0 tur d | ||
| 020 | _a9786059160605 | ||
| 040 |
_aTR-AnTOB _beng _cTR-AnTOB _erda _dTR-AnTOB |
||
| 041 | 0 | _atur | |
| 050 | 1 | 4 |
_bQH506 _a.M66 2017 |
| 090 |
_aQH 506 _b.M66 2017 |
||
| 245 | 1 | 0 |
_aMoleküler Biyoloji Teknikleri / _cDoç. Dr. Ajda Çoker Gürkan, Doç. Dr. Pınar Obakan Yerlikaya, Doç. Dr. Elif Damla Arısan. |
| 264 | 1 |
_aAnkara : _bHipokrat Kitapevi, _c2017. |
|
| 300 |
_a100 pages : _billustrations ; |
||
| 336 |
_2rdacontent _atext _btxt |
||
| 337 |
_2rdamedia _aunmediated _bn |
||
| 338 |
_2rdacarrier _avolume _bnc |
||
| 942 |
_2NLM _cBK |
||
| 999 |
_c200442934 _d61146 |
||